000 00635nam a2200229Ia 4500
003 OSt
005 20220928131123.0
006 a|||||r|||| 00| 0
007 ta
008 220927b |||||||| |||| 00| 0 eng d
024 _a36238
037 _cReference Collections
040 _aSDCL
_cSDCL
_beng
041 _2eng
_aeng
082 _aXv3'N5<-L5, L5 RR
100 _aSturges R P
_9477221
245 0 _aEconomists' papers 1750-1950.
260 _aLondon
_bMacMillan
_c1975
300 _axxiv, 140p
_ccm.
942 _hXv3'N5<-L5, L5 RR
_cREF
_2CC
999 _c789688
_d789688